[Event "SVK-chT2A 2223"]
[Site "Slovakia"]
[Date "2022.11.13"]
[Round "4.4"]
[White "Hartl, Jan"]
[Black "Skreno, Vladimir"]
[Result "1/2-1/2"]
[WhiteElo "1988"]
[BlackElo "2064"]
[PlyCount "31"]
[EventDate "2022.10.08"]
[EventType "team-tourn"]
[EventRounds "11"]
[EventCountry "SVK"]
[SourceTitle "EXT 2024"]
[Source "ChessBase"]
[SourceDate "2023.10.10"]
[SourceVersion "1"]
[SourceVersionDate "2023.10.10"]
[SourceQuality "1"]
[WhiteTeam "Pezinok"]
[BlackTeam "Trnava Lokomotiva"]
[WhiteTeamCountry "SVK"]
[BlackTeamCountry "SVK"]

1. e4 c5 2. Nf3 Nc6 3. c3 Nf6 4. e5 Nd5 5. d4 cxd4 6. cxd4 d6 7. exd6 e6 8. Nc3 Bxd6 9. Bd3 Be7 10. 0-0 Nxc3 11. bxc3 0-0 12. Qe2 Re8 13. Re1 Bd7 14. Bf4 Bf6 15. Rab1 b6 16. h3 1/2-1/2

[Event "SVK-chT2A 1819"]
[Site "Slovakia"]
[Date "2018.10.13"]
[Round "1.2"]
[White "Hartl, Jan"]
[Black "Abel, Peter"]
[Result "0-1"]
[WhiteElo "2034"]
[BlackElo "2211"]
[PlyCount "110"]
[EventDate "2018.10.13"]
[EventType "team-tourn"]
[EventRounds "11"]
[EventCountry "SVK"]
[SourceTitle "CBM 189 Extra"]
[Source "ChessBase"]
[SourceDate "2019.06.03"]
[SourceVersion "1"]
[SourceVersionDate "2019.06.03"]
[SourceQuality "1"]
[WhiteTeam "Pezinok"]
[BlackTeam "Piestany Kupele"]
[WhiteTeamCountry "SVK"]
[BlackTeamCountry "SVK"]

1. e4 Nf6 2. e5 Nd5 3. c4 Nb6 4. d4 d6 5. f4 dxe5 6. fxe5 Nc6 7. Be3 Bf5 8. Nc3 e6 9. Nf3 Nb4 10. Rc1 c5 11. a3 cxd4 12. Nxd4 Nc6 13. Nxc6 bxc6 14. Qxd8+ Rxd8 15. Be2 Be7 16. Rd1 0-0 17. 0-0 Bc2 18. Rxd8 Rxd8 19. Rc1 Bd3 20. Kf2 Nxc4 21. Bxa7 Nxb2 22. a4 Ra8 23. Bb6 Bxe2 24. Kxe2 Nc4 25. a5 Bb4 26. Na4 Nxa5 27. Nc5 Rb8 28. Nd7 Rb7 29. Rd1 h6 30. Bxa5 Bxa5 31. Nc5 Rb5 32. Rc1 Bc7 33. Nd3 Bxe5 34. g3 Bd6 35. Rxc6 Rd5 36. Rc8+ Kh7 37. Ra8 Kg6 38. Ra4 f5 39. Ra6 Kf6 40. Ke3 g5 41. Ke2 Be7 42. Ra8 Rd8 43. Ra5 Rc8 44. Ke3 Rc2 45. h3 Bd6 46. g4 Rh2 47. gxf5 exf5 48. Ra6 Ke7 49. Kd4 Rxh3 50. Nb2 Rh1 51. Kd5 Rb1 52. Ra7+ Kf6 53. Nc4 Rd1+ 54. Kc6 Bf4 55. Nb6 Rd6+ 0-1

[Event "SVK-chT2A 1415"]
[Site "Slovakia"]
[Date "2015.03.08"]
[Round "11.7"]
[White "Hartl, Jan"]
[Black "Petrakovic, Kamil"]
[Result "1/2-1/2"]
[WhiteElo "2082"]
[BlackElo "1808"]
[PlyCount "70"]
[EventDate "2014.10.11"]
[EventType "team-tourn"]
[EventRounds "11"]
[EventCountry "SVK"]
[SourceTitle "EXT 2016"]
[Source "ChessBase"]
[SourceDate "2015.10.08"]
[SourceVersion "1"]
[SourceVersionDate "2015.10.08"]
[SourceQuality "1"]
[WhiteTeam "Pezinok"]
[BlackTeam "Modra II"]
[WhiteTeamCountry "SVK"]
[BlackTeamCountry "SVK"]

1. e4 c5 2. Nf3 g6 3. c3 Bg7 4. d4 cxd4 5. cxd4 d6 6. Nc3 Nf6 7. Bc4 0-0 8. Bb3 Nc6 9. 0-0 Bg4 10. Be3 a6 11. h3 Bd7 12. Qd3 b5 13. Rfd1 Qc7 14. Rac1 Qb8 15. Nd5 Nxd5 16. Bxd5 Nb4 17. Qb3 Nxd5 18. exd5 a5 19. Qd3 Bf5 20. Qb3 Qb7 21. a3 Be4 22. Rc6 Rfc8 23. Rdc1 Rxc6 24. Rxc6 a4 25. Qc3 Re8 26. Rc7 Qxd5 27. Rxe7 Rf8 28. Ne1 Bf5 29. Rc7 Re8 30. Nd3 Qe4 31. Nb4 Be6 32. Rc6 Bd5 33. Nxd5 Qxd5 34. Rc8 Qe6 35. Rc6 Qd5 1/2-1/2

[Event "SVK-chT2A 1415"]
[Site "Slovakia"]
[Date "2014.10.12"]
[Round "2.4"]
[White "Hartl, Jan"]
[Black "Arendas, Marek"]
[Result "1/2-1/2"]
[WhiteElo "2082"]
[BlackElo "2104"]
[PlyCount "141"]
[EventDate "2014.10.11"]
[EventType "team-tourn"]
[EventRounds "11"]
[EventCountry "SVK"]
[SourceTitle "EXT 2016"]
[Source "ChessBase"]
[SourceDate "2015.10.08"]
[SourceVersion "1"]
[SourceVersionDate "2015.10.08"]
[SourceQuality "1"]
[WhiteTeam "Pezinok"]
[BlackTeam "Trnava Lokomotiva II"]
[WhiteTeamCountry "SVK"]
[BlackTeamCountry "SVK"]

1. e4 c6 2. d4 d5 3. f3 e6 4. Nc3 Be7 5. Be3 Nf6 6. exd5 Nxd5 7. Nxd5 exd5 8. Bd3 Qa5+ 9. c3 Nd7 10. Ne2 Bh4+ 11. g3 Be7 12. 0-0 Qc7 13. Rf2 h5 14. Qd2 Nf6 15. Bf4 Qb6 16. Re1 0-0 17. Bg5 Bd7 18. h4 Rae8 19. Nf4 Bd8 20. Bxf6 Bxf6 21. Nxh5 Bd8 22. b4 Rxe1+ 23. Qxe1 Re8 24. Re2 Rxe2 25. Qxe2 Qc7 26. Kf2 g6 27. Qe3 Qd6 28. Qh6 Qf8 29. Qxf8+ Kxf8 30. Nf4 g5 31. Ng2 gxh4 32. Nxh4 a5 33. a3 axb4 34. axb4 Bf6 35. f4 Bg4 36. Be2 Bd7 37. Nf3 Bf5 38. Ne5 Bd8 39. Bg4 Bc2 40. Bc8 f6 41. Ng4 b6 42. Ne3 Ba4 43. Kf3 Kf7 44. g4 Bb5 45. Bf5 Be7 46. Bd7 Ba4 47. Bf5 Bd8 48. Bd3 Be7 49. Kg3 Bd6 50. Kf3 Be7 51. Bc2 Bb5 52. Nf5 Bf8 53. g5 fxg5 54. fxg5 c5 55. bxc5 bxc5 56. Kf4 Bc4 57. Ke5 cxd4 58. Nxd4 Bg7+ 59. Kf5 Ba6 60. Kf4 Bc4 61. Bd1 Bd3 62. Bh5+ Ke7 63. Bg4 Kd6 64. Bf5 Bf1 65. Bc2 Bh3 66. Kg3 Bd7 67. Kf4 Be5+ 68. Ke3 Kc5 69. Bd3 Bg4 70. Bf5 Bxf5 71. Nxf5 1/2-1/2

[Event "SVK-chT1W 1112"]
[Site "Slovakia"]
[Date "2012.02.04"]
[Round "8.4"]
[White "Borik, Juraj"]
[Black "Hartl, Jan"]
[Result "1-0"]
[WhiteElo "2198"]
[BlackElo "2189"]
[PlyCount "75"]
[EventDate "2011.10.15"]
[EventType "team-tourn"]
[EventRounds "11"]
[EventCountry "SVK"]
[SourceTitle "EXT 2013"]
[Source "ChessBase"]
[SourceDate "2012.11.22"]
[SourceVersion "1"]
[SourceVersionDate "2012.11.22"]
[SourceQuality "1"]
[WhiteTeam "Dubnica nad Vahom II"]
[BlackTeam "Pezinok"]
[WhiteTeamCountry "SVK"]
[BlackTeamCountry "SVK"]

1. e4 e5 2. Nf3 Nc6 3. Bb5 a6 4. Ba4 Nf6 5. 0-0 Be7 6. Re1 b5 7. Bb3 0-0 8. a4 Bb7 9. c3 d6 10. d4 Nd7 11. Nbd2 Bf6 12. Nf1 Na5 13. Bc2 c5 14. Ng3 cxd4 15. cxd4 Nc6 16. Nf5 Nb6 17. axb5 axb5 18. Rxa8 Nxa8 19. d5 Ne7 20. Ng3 Ng6 21. Bd3 Nc7 22. Qb3 Qd7 23. Bd2 Nf4 24. Bf1 Ra8 25. h3 g6 26. Bxf4 exf4 27. Ne2 Ra4 28. Nxf4 Ba6 29. Nd3 b4 30. e5 Bxd3 31. exf6 Bxf1 32. Re7 Qb5 33. Rxc7 Ra8 34. Qe3 Qb8 35. Rxf7 Bd3 36. Rg7+ Kh8 37. Rxh7+ Kxh7 38. Qe7+ 1-0

[Event "SVK-chT1W 1112"]
[Site "Slovakia"]
[Date "2011.12.11"]
[Round "6.4"]
[White "Bezuch, Martin"]
[Black "Hartl, Jan"]
[Result "1-0"]
[WhiteElo "2210"]
[BlackElo "2189"]
[PlyCount "59"]
[EventDate "2011.10.15"]
[EventType "team-tourn"]
[EventRounds "11"]
[EventCountry "SVK"]
[SourceTitle "EXT 2013"]
[Source "ChessBase"]
[SourceDate "2012.11.22"]
[SourceVersion "1"]
[SourceVersionDate "2012.11.22"]
[SourceQuality "1"]
[WhiteTeam "Bratislava Slovan II"]
[BlackTeam "Pezinok"]
[WhiteTeamCountry "SVK"]
[BlackTeamCountry "SVK"]

1. e4 e5 2. Nf3 Nc6 3. Bc4 Nf6 4. d3 Be7 5. c3 0-0 6. Bb3 d6 7. 0-0 Be6 8. Nbd2 Bxb3 9. axb3 Qd7 10. b4 Ne8 11. Nc4 Bf6 12. b5 Nd8 13. Qb3 Ne6 14. Be3 Bd8 15. Na5 Qc8 16. Qd5 Rb8 17. Qc4 Ra8 18. b4 Nf6 19. Nb3 Nh5 20. Ra2 Nef4 21. h3 g5 22. Nh2 Kh8 23. d4 f5 24. exf5 Qxf5 25. dxe5 dxe5 26. Nc5 b6 27. Ne4 Rg8 28. Ng4 Ng7 29. Nh6 Qe6 30. Nf7+ 1-0

[Event "SVK-chT1W 1112"]
[Site "Slovakia"]
[Date "2011.10.15"]
[Round "1.3"]
[White "Berek, Geza"]
[Black "Hartl, Jan"]
[Result "1/2-1/2"]
[WhiteElo "2186"]
[BlackElo "2189"]
[PlyCount "38"]
[EventDate "2011.10.15"]
[EventType "team-tourn"]
[EventRounds "11"]
[EventCountry "SVK"]
[SourceTitle "EXT 2013"]
[Source "ChessBase"]
[SourceDate "2012.11.22"]
[SourceVersion "1"]
[SourceVersionDate "2012.11.22"]
[SourceQuality "1"]
[WhiteTeam "Tlmace"]
[BlackTeam "Pezinok"]
[WhiteTeamCountry "SVK"]
[BlackTeamCountry "SVK"]

1. e4 e5 2. Nf3 Nc6 3. d4 exd4 4. Nxd4 Bc5 5. Nxc6 Qf6 6. Qd2 Qxc6 7. Bd3 Nf6 8. 0-0 0-0 9. b4 Bb6 10. c4 a5 11. b5 Qe6 12. Nc3 d6 13. Bb2 c6 14. Na4 Bd8 15. Nc3 Ng4 16. Ne2 Ne5 17. Nd4 Qg6 18. f4 Qh6 19. Rad1 Bb6 1/2-1/2

[Event "SVK-chT2A 10/11"]
[Site "Slovakia"]
[Date "2011.03.06"]
[Round "9.4"]
[White "Hartl, Jan"]
[Black "Hertel, Ondrej"]
[Result "1/2-1/2"]
[WhiteElo "2118"]
[BlackElo "2072"]
[PlyCount "83"]
[EventDate "2010.10.23"]
[EventType "team-tourn"]
[EventRounds "11"]
[EventCountry "SVK"]
[SourceTitle "EXT 2019"]
[Source "ChessBase"]
[SourceDate "2018.10.10"]
[SourceVersion "1"]
[SourceVersionDate "2018.10.10"]
[SourceQuality "1"]
[WhiteTeam "Pezinok KS"]
[BlackTeam "Trnava Lokomotiva II"]
[WhiteTeamCountry "SVK"]
[BlackTeamCountry "SVK"]

1. e4 c6 2. d4 d5 3. f3 dxe4 4. fxe4 e5 5. Nf3 Bg4 6. Bc4 Bxf3 7. Qxf3 Nf6 8. dxe5 Qa5+ 9. Nc3 Qxe5 10. Bf4 Qh5 11. Qxh5 Nxh5 12. Be3 Bd6 13. 0-0 0-0 14. Rad1 Be5 15. Bc5 Nf6 16. Bxf8 Kxf8 17. Rd8+ Ke7 18. Rc8 b5 19. Be2 a5 20. Rf5 Ke6 21. Rf1 Ra7 22. Rd1 Rd7 23. Rxd7 Kxd7 24. Rf8 Ke7 25. Rh8 g6 26. Nd1 h5 27. Nf2 Ne8 28. Rxe8+ Kxe8 29. c3 Nd7 30. Nd3 Bd6 31. g3 Nc5 32. Nxc5 Bxc5+ 33. Kg2 Ke7 34. e5 Be3 35. Kf3 Bc1 36. b3 Bb2 37. c4 bxc4 38. Bxc4 Bxe5 39. h3 f5 40. h4 Kf6 41. Ba6 Bd6 42. Bb7 1/2-1/2

[Event "SVK-chT2A 0809"]
[Site "Slovakia"]
[Date "2009.01.31"]
[Round "8.4"]
[White "Hartl, Jan"]
[Black "Petrik, Karol"]
[Result "1/2-1/2"]
[WhiteElo "2161"]
[BlackElo "2167"]
[PlyCount "109"]
[EventDate "2008.10.11"]
[EventType "team-tourn"]
[EventRounds "11"]
[EventCountry "SVK"]
[SourceTitle "EXT 2010"]
[Source "ChessBase"]
[SourceDate "2010.11.25"]
[SourceVersion "1"]
[SourceVersionDate "2010.11.25"]
[SourceQuality "1"]
[WhiteTeam "Pezinok KS"]
[BlackTeam "Bratislava Doprastav II"]
[WhiteTeamCountry "SVK"]
[BlackTeamCountry "SVK"]

1. e4 d5 2. exd5 Qxd5 3. Nc3 Qd6 4. d4 a6 5. g3 Nc6 6. d5 Ne5 7. Bf4 g6 8. Qd4 Bg7 9. 0-0-0 f6 10. Ne4 Qd8 11. Kb1 Nh6 12. h3 0-0 13. Qd2 Nhf7 14. Be3 Nd6 15. Nxd6 exd6 16. f4 Nf7 17. Ne2 Re8 18. Nd4 Qe7 19. Re1 Nd8 20. Bg2 Bd7 21. Bf2 Qf7 22. Rxe8+ Qxe8 23. Re1 Qf7 24. Nf3 Bf8 25. g4 c5 26. Nh4 b6 27. Bf3 Nb7 28. f5 g5 29. Ng2 Re8 30. h4 Rxe1+ 31. Qxe1 Qe8 32. c4 Qxe1+ 33. Nxe1 gxh4 34. Bxh4 Kf7 35. Kc2 h5 36. Ng2 Bh6 37. Kd3 b5 38. b3 Ke7 39. Ke4 hxg4 40. Bxg4 Nd8 41. Nf4 Bxf4 42. Kxf4 bxc4 43. bxc4 Nf7 44. Be2 Ba4 45. Bd3 Ne5 46. Ke3 Bd7 47. Bg3 Nxd3 48. Kxd3 Bxf5+ 49. Kc3 Bh3 50. Bf4 Bf1 51. Bg3 Kd7 52. Bf4 Be2 53. Bg3 Kc7 54. Bf4 a5 55. a3 1/2-1/2

[Event "SVK-chT2A 0809"]
[Site "Slovakia"]
[Date "2008.10.11"]
[Round "1.3"]
[White "Hartl, Jan"]
[Black "Bukovsky, Milan"]
[Result "1/2-1/2"]
[WhiteElo "2161"]
[BlackElo "2022"]
[PlyCount "92"]
[EventDate "2008.10.11"]
[EventType "team-tourn"]
[EventRounds "11"]
[EventCountry "SVK"]
[SourceTitle "EXT 2010"]
[Source "ChessBase"]
[SourceDate "2010.11.25"]
[SourceVersion "1"]
[SourceVersionDate "2010.11.25"]
[SourceQuality "1"]
[WhiteTeam "Pezinok KS"]
[BlackTeam "Trnava Lokomotiva II"]
[WhiteTeamCountry "SVK"]
[BlackTeamCountry "SVK"]

1. e4 e5 2. Nf3 Nc6 3. Bb5 g6 4. 0-0 Bg7 5. Re1 a6 6. Bf1 d6 7. c3 Nge7 8. h3 0-0 9. d4 Kh8 10. Bg5 f6 11. Bh4 g5 12. Bg3 g4 13. Nh4 gxh3 14. gxh3 f5 15. exf5 Nxf5 16. Nxf5 Bxf5 17. d5 Ne7 18. c4 Qd7 19. Kh2 Rf6 20. Nd2 Bxh3 21. Re4 Rh6 22. Rh4 Rxh4 23. Bxh4 Bxf1 24. Qxf1 Ng6 25. Bg3 Bh6 26. Ne4 Nf4 27. Re1 Rf8 28. Kg1 Qg4 29. c5 Nh3+ 30. Kh2 Ng5 31. Nxg5 Bxg5 32. Qg2 Rf6 33. cxd6 cxd6 34. Kg1 Bf4 35. Bxf4 Qxf4 36. Re3 Rg6 37. Rg3 Qc1+ 38. Kh2 Qf4 39. Kh1 Qc1+ 40. Kh2 Rh6+ 41. Rh3 Qd2 42. Qf3 Rxh3+ 43. Kxh3 Qh6+ 44. Kg2 Qg6+ 45. Kf1 Kg7 46. Qb3 Qb1+ 1/2-1/2

[Event "SVK-chT2A 0708"]
[Site "Slovakia"]
[Date "2008.02.02"]
[Round "8.3"]
[White "Hartl, Jan"]
[Black "Kleman, Miroslav"]
[Result "1-0"]
[WhiteElo "2186"]
[BlackElo "2097"]
[PlyCount "57"]
[EventDate "2007.10.06"]
[EventType "team-tourn"]
[EventRounds "11"]
[EventCountry "SVK"]
[SourceTitle "EXT 2010"]
[Source "ChessBase"]
[SourceDate "2010.11.25"]
[SourceVersion "1"]
[SourceVersionDate "2010.11.25"]
[SourceQuality "1"]
[WhiteTeam "Pezinok KS"]
[BlackTeam "Bratislava Doprastav III"]
[WhiteTeamCountry "SVK"]
[BlackTeamCountry "SVK"]

1. e4 d6 2. d4 Nf6 3. Nc3 Nbd7 4. f4 e5 5. Nf3 exd4 6. Nxd4 Be7 7. Be2 0-0 8. 0-0 Re8 9. Bf3 Bf8 10. Qe2 c6 11. Kh1 Nxe4 12. Bxe4 d5 13. Bxh7+ Kxh7 14. Qh5+ Kg8 15. f5 Nf6 16. Qh4 Nh7 17. f6 Nxf6 18. Bg5 Be7 19. Rae1 Ne4 20. Nxe4 dxe4 21. Qxe4 f6 22. Bxf6 gxf6 23. Qg6+ Kf8 24. Rf4 Bh3 25. Qh6+ Kf7 26. Qh7+ Kf8 27. Qxh3 Bd6 28. Qh8+ Kf7 29. Rxe8 1-0

[Event "SVK-chT2A 0708"]
[Site "Slovakia"]
[Date "2007.12.01"]
[Round "5.3"]
[White "Hartl, Jan"]
[Black "Petenyi, Tamas"]
[Result "0-1"]
[WhiteElo "2186"]
[BlackElo "2196"]
[PlyCount "62"]
[EventDate "2007.10.06"]
[EventType "team-tourn"]
[EventRounds "11"]
[EventCountry "SVK"]
[SourceTitle "EXT 2010"]
[Source "ChessBase"]
[SourceDate "2010.11.25"]
[SourceVersion "1"]
[SourceVersionDate "2010.11.25"]
[SourceQuality "1"]
[WhiteTeam "Pezinok KS"]
[BlackTeam "Dunajska Streda SK II"]
[WhiteTeamCountry "SVK"]
[BlackTeamCountry "SVK"]

1. e4 c5 2. Nf3 d6 3. d4 cxd4 4. Nxd4 Nf6 5. Nc3 a6 6. Bc4 e6 7. Bb3 b5 8. a3 Bb7 9. Qe2 Nc6 10. Nxc6 Bxc6 11. 0-0 Be7 12. Rd1 Qc7 13. Bf4 0-0 14. Rd2 Rfd8 15. Bg3 Qb7 16. f3 a5 17. a4 bxa4 18. Nxa4 d5 19. e5 Nd7 20. Bf2 Bxa4 21. Rxa4 Bc5 22. f4 Rdc8 23. Qg4 Bxf2+ 24. Rxf2 Nc5 25. f5 exf5 26. Qxf5 Nxa4 27. e6 fxe6 28. Qxe6+ Kh8 29. Bxa4 Qxb2 30. Bc6 Qb1+ 31. Rf1 Qb6+ 0-1

[Event "SVK-chT1W 0405"]
[Site "Slovakia"]
[Date "2005.??.??"]
[Round "7"]
[White "Hartl, Jan"]
[Black "Pasko, Peter"]
[Result "1-0"]
[WhiteElo "2158"]
[BlackElo "2135"]
[PlyCount "65"]
[EventDate "2004.10.??"]
[EventType "team"]
[EventRounds "11"]
[EventCountry "SVK"]
[SourceTitle "EXT 2006"]
[Source "ChessBase"]
[SourceDate "2005.11.24"]
[SourceVersion "1"]
[SourceVersionDate "2005.11.24"]
[SourceQuality "1"]

1. e4 c5 2. Nf3 d6 3. d4 cxd4 4. Nxd4 Nf6 5. Nc3 a6 6. Bc4 e6 7. 0-0 Be7 8. Bb3 b5 9. a3 0-0 10. f4 Qc7 11. Qe2 Bb7 12. f5 e5 13. Nf3 Nbd7 14. Bg5 Nb6 15. Rad1 Rac8 16. Bxf6 Bxf6 17. g4 h6 18. h4 Qe7 19. Qe3 d5 20. Qxb6 dxe4 21. Nd2 Rxc3 22. bxc3 Bxh4 23. f6 Qd7 24. Kh2 Qxg4 25. Qe3 Bg5 26. Qg3 Qh5+ 27. Kg1 e3 28. Nf3 e2 29. fxg7 Re8 30. Rd7 exf1Q+ 31. Kxf1 Bxf3 32. Bxf7+ Kxg7 33. Bxh5+ 1-0

[Event "SVK-chT1W 0405"]
[Site "Slovakia"]
[Date "2005.??.??"]
[Round "6"]
[White "Hecht, Tomas"]
[Black "Hartl, Jan"]
[Result "1/2-1/2"]
[WhiteElo "1950"]
[BlackElo "2158"]
[PlyCount "21"]
[EventDate "2004.10.??"]
[EventType "team"]
[EventRounds "11"]
[EventCountry "SVK"]
[SourceTitle "EXT 2006"]
[Source "ChessBase"]
[SourceDate "2005.11.24"]
[SourceVersion "1"]
[SourceVersionDate "2005.11.24"]
[SourceQuality "1"]

1. e4 e6 2. d4 d5 3. exd5 exd5 4. Bd3 Bd6 5. Nf3 Nf6 6. 0-0 0-0 7. Re1 Bg4 8. Bg5 Nbd7 9. Nbd2 Re8 10. c3 a6 11. Bxa6 1/2-1/2

[Event "SVK-chT1W 0506"]
[Site "Slovakia"]
[Date "2005.??.??"]
[Round "?"]
[White "Petenyi, Tamas"]
[Black "Hartl, Jan"]
[Result "1/2-1/2"]
[WhiteElo "2075"]
[BlackElo "2150"]
[PlyCount "36"]
[EventDate "2005.10.15"]
[EventType "team-tourn"]
[EventRounds "11"]
[EventCountry "SVK"]
[SourceTitle "EXT 2008"]
[Source "ChessBase"]
[SourceDate "2007.11.25"]
[SourceVersion "1"]
[SourceVersionDate "2007.11.25"]
[SourceQuality "1"]

1. e4 e5 2. Nf3 Nc6 3. Bb5 a6 4. Ba4 Nf6 5. d3 d6 6. c3 Bd7 7. 0-0 Be7 8. Nbd2 0-0 9. Re1 h6 10. Nf1 Nh7 11. Ng3 Bg5 12. Nxg5 Nxg5 13. Be3 Ne7 14. Bxd7 Qxd7 15. d4 Qe6 16. Qh5 Nh7 17. dxe5 dxe5 18. Bc5 Rfe8 1/2-1/2

[Event "SVK-chT1W 0405"]
[Site "Slovakia"]
[Date "2004.??.??"]
[Round "2"]
[White "Detko, Jan"]
[Black "Hartl, Jan"]
[Result "0-1"]
[WhiteElo "2155"]
[BlackElo "2158"]
[PlyCount "80"]
[EventDate "2004.10.??"]
[EventType "team"]
[EventRounds "11"]
[EventCountry "SVK"]
[SourceTitle "EXT 2006"]
[Source "ChessBase"]
[SourceDate "2005.11.24"]
[SourceVersion "1"]
[SourceVersionDate "2005.11.24"]
[SourceQuality "1"]

1. e4 d5 2. d4 dxe4 3. Nc3 Nf6 4. f3 e3 5. Bxe3 e6 6. Bd3 Be7 7. Nge2 0-0 8. Qd2 b6 9. Ne4 Nbd7 10. Ng5 Bb7 11. 0-0-0 c5 12. c3 cxd4 13. cxd4 e5 14. Kb1 h6 15. h4 Nd5 16. Bh7+ Kh8 17. Bf5 g6 18. Bxd7 Qxd7 19. Nh3 Qf5+ 20. Ka1 Nb4 21. Rc1 Rac8 22. Nc3 Rfd8 23. Nf2 Bc5 24. Nce4 Qe6 25. b3 Bxd4+ 26. Bxd4 Rxd4 27. Qxh6+ Kg8 28. Ng5 Qf5 29. Rxc8+ Bxc8 30. Nfe4 Bb7 31. Rc1 Qf4 32. Qh7+ Kf8 33. Qh8+ Ke7 34. Rc7+ Rd7 35. Rc3 a5 36. Nh7 Rd1+ 37. Kb2 Rd2+ 38. Kb1 Bxe4+ 39. fxe4 Qxe4+ 40. Kc1 Qe1# 0-1

[Event "SVK-chT1W 0405"]
[Site "Slovakia"]
[Date "2004.??.??"]
[Round "4"]
[White "Vrbica, Ladislav"]
[Black "Hartl, Jan"]
[Result "0-1"]
[WhiteElo "2111"]
[BlackElo "2158"]
[PlyCount "34"]
[EventDate "2004.10.??"]
[EventType "team"]
[EventRounds "11"]
[EventCountry "SVK"]
[SourceTitle "EXT 2006"]
[Source "ChessBase"]
[SourceDate "2005.11.24"]
[SourceVersion "1"]
[SourceVersionDate "2005.11.24"]
[SourceQuality "1"]

1. c4 e6 2. Nc3 d5 3. d4 Nf6 4. Nf3 Be7 5. Bg5 Nbd7 6. e3 0-0 7. cxd5 exd5 8. Bd3 h6 9. Bh4 b6 10. a3 c5 11. b3 Bb7 12. 0-0 Rc8 13. Qc2 Ne4 14. Bxe7 Qxe7 15. Rfc1 cxd4 16. Bxe4 Rxc3 17. Bh7+ Kh8 0-1

[Event "SVK-chT 0203"]
[Site "Slovakia"]
[Date "2003.??.??"]
[Round "9"]
[White "Baranek, Jozef"]
[Black "Hartl, Jan"]
[Result "0-1"]
[WhiteElo "2240"]
[BlackElo "2154"]
[PlyCount "122"]
[EventDate "2002.10.??"]
[EventType "team"]
[EventRounds "11"]
[EventCountry "SVK"]
[SourceTitle "EXT 2004"]
[Source "ChessBase"]
[SourceDate "2003.11.25"]
[SourceVersion "1"]
[SourceVersionDate "2003.11.25"]
[SourceQuality "1"]

1. Nf3 d5 2. g3 c5 3. Bg2 Nf6 4. 0-0 Nc6 5. d4 e6 6. c3 Be7 7. Nbd2 0-0 8. dxc5 Bxc5 9. b4 Be7 10. Nb3 Ne4 11. Bb2 Bf6 12. Nfd4 Nd6 13. Qc2 Bd7 14. Nxc6 Bxc6 15. a4 b6 16. Nd2 Rc8 17. b5 Bb7 18. Qb3 Nc4 19. Nxc4 Rxc4 20. Rfc1 Qc7 21. e3 Rc8 22. Bf1 Rc5 23. Ra3 Ba8 24. Qd1 h6 25. Be2 e5 26. Bg4 Rd8 27. h4 Bb7 28. Qd2 d4 29. cxd4 exd4 30. Rxc5 Qxc5 31. exd4 Bxd4 32. Kh2 Bf6 33. Qe2 Bxb2 34. Qxb2 Rd4 35. Bf3 Qe5 36. Kg2 Bxf3+ 37. Rxf3 Qd5 38. Qe2 Rxa4 39. Qe8+ Kh7 40. Qxf7 Qxb5 41. h5 Qb1 42. Rf5 Qe4+ 43. Kh2 Qg4 44. Kg2 Rd4 45. Re5 Rd7 46. Qe8 Rd2 47. Qf7 Rd7 48. Qe8 Rd6 49. Re4 Qd7 50. Qe5 a5 51. Rf4 Qe6 52. Qc3 Qd5+ 53. Rf3 Qxh5 54. Qc2+ Qg6 55. Qc7 Rc6 56. Qe7 Re6 57. Qf8 Qe4 58. Kh2 Re5 59. Qf7 Qg6 60. Qb7 Rh5+ 61. Kg2 Qb1 0-1

[Event "SVK-chT1W 0203"]
[Site "Slovakia"]
[Date "2002.11.10"]
[Round "4.3"]
[White "Mihalik, Milan"]
[Black "Hartl, Jan"]
[Result "1-0"]
[WhiteElo "2090"]
[BlackElo "2154"]
[PlyCount "95"]
[EventDate "2002.10.12"]
[EventType "team-tourn"]
[EventRounds "11"]
[EventCountry "SVK"]
[SourceTitle "EXT 2005"]
[Source "ChessBase"]
[SourceDate "2004.11.15"]
[SourceVersion "1"]
[SourceVersionDate "2004.11.15"]
[SourceQuality "1"]
[WhiteTeam "Bratislava PI"]
[BlackTeam "Bratislava Krasnany"]
[WhiteTeamCountry "SVK"]
[BlackTeamCountry "SVK"]

1. d4 Nf6 2. c4 e5 3. dxe5 Ng4 4. Nf3 Nc6 5. Nc3 Ngxe5 6. Nxe5 Nxe5 7. e3 g6 8. Be2 Bg7 9. 0-0 0-0 10. Qc2 d6 11. a3 c6 12. Rd1 Qe7 13. b3 Bg4 14. Bb2 Rfd8 15. Rd2 a5 16. Bxg4 Nxg4 17. h3 Nf6 18. Rad1 Rac8 19. Na4 b5 20. Nc3 bxc4 21. bxc4 Rb8 22. Ba1 d5 23. cxd5 cxd5 24. Qa2 Qc5 25. Ne2 Qc7 26. Bxf6 Bxf6 27. Nf4 d4 28. Nd5 Rxd5 29. Qxd5 dxe3 30. fxe3 Qg3 31. Qf3 Qe5 32. Qf4 Qxf4 33. exf4 Rb3 34. Rd3 Rb2 35. Rc1 Bh4 36. Kh2 Bf2 37. Rd5 Be3 38. Rf1 Bb6 39. a4 Bc7 40. Rc5 Bd8 41. Rd1 Rb8 42. Rd7 Kf8 43. Rb5 Rc8 44. Rbb7 Kg8 45. Rxf7 Rc4 46. Rg7+ Kf8 47. Rxh7 Kg8 48. Rhd7 1-0

[Event "SVK-chT1W 0203"]
[Site "Slovakia"]
[Date "2002.10.13"]
[Round "2.3"]
[White "Hartl, Jan"]
[Black "Kubis, Ivan"]
[Result "1-0"]
[WhiteElo "2154"]
[BlackElo "2105"]
[PlyCount "49"]
[EventDate "2002.10.12"]
[EventType "team-tourn"]
[EventRounds "11"]
[EventCountry "SVK"]
[SourceTitle "EXT 2005"]
[Source "ChessBase"]
[SourceDate "2004.11.15"]
[SourceVersion "1"]
[SourceVersionDate "2004.11.15"]
[SourceQuality "1"]
[WhiteTeam "Bratislava Krasnany"]
[BlackTeam "Holic"]
[WhiteTeamCountry "SVK"]
[BlackTeamCountry "SVK"]

1. e4 e5 2. Nf3 Nc6 3. Bc4 Nf6 4. d4 exd4 5. 0-0 Nxe4 6. Re1 d5 7. Bxd5 Qxd5 8. Nc3 Qa5 9. Nxe4 Be6 10. Neg5 0-0-0 11. Nxe6 fxe6 12. Rxe6 Bd6 13. Qe2 Kd7 14. Bd2 Qh5 15. Re1 Rde8 16. Ne5+ Bxe5 17. Qxh5 Rxe6 18. Qf7+ Re7 19. Qf5+ Kd6 20. b4 a6 21. a4 b5 22. axb5 axb5 23. f4 Bf6 24. Qc5+ Kd7 25. Qd5+ 1-0

[Event "SVK-chT2W 0102"]
[Site "Slovakia"]
[Date "2002.03.16"]
[Round "10.2"]
[White "Arendas, Marek"]
[Black "Hartl, Jan"]
[Result "0-1"]
[WhiteElo "2174"]
[BlackElo "2105"]
[PlyCount "95"]
[EventDate "2001.10.??"]
[EventType "team"]
[EventRounds "11"]
[EventCountry "SVK"]
[SourceTitle "EXT 2006"]
[Source "ChessBase"]
[SourceDate "2005.11.24"]
[SourceVersion "1"]
[SourceVersionDate "2005.11.24"]
[SourceQuality "1"]

1. e4 Nf6 2. Nc3 d6 3. d4 g6 4. Bc4 Nxe4 5. Nxe4 d5 6. Bd3 dxe4 7. Bxe4 Bg7 8. c3 Nd7 9. Be3 0-0 10. Qd2 Nf6 11. Bf3 c6 12. Ne2 Re8 13. Rd1 Bg4 14. Bxg4 Nxg4 15. 0-0 Qc7 16. Bf4 e5 17. Bg3 h5 18. h3 Nh6 19. dxe5 Qa5 20. b4 Qa6 21. Nd4 Rad8 22. Qe3 Kh7 23. f4 Rd5 24. Rde1 Qc4 25. Qf3 b6 26. Re4 Qxa2 27. Nxc6 Rd2 28. Be1 Rb2 29. Nd4 a5 30. Rf2 a4 31. Rxb2 Qxb2 32. Re2 Qb1 33. Qe4 Qxe4 34. Rxe4 Bf8 35. Nb5 Nf5 36. Bf2 Ra8 37. Re2 Rd8 38. Ra2 Rd5 39. c4 Rd1+ 40. Kh2 Bxb4 41. Rxa4 Bc5 42. Bxc5 bxc5 43. Ra7 h4 44. Rxf7+ Kg8 45. Rf6 Kg7 46. Nc7 Ng3 47. Ne8+ Kh6 48. Nd6 0-1